| 000 | 00530nam a2200133Ia 4500 | ||
|---|---|---|---|
| 008 | 160809s9999 xx 000 0 und d | ||
| 100 | _aAlquraini, Turki. | ||
| 245 | _aCRITICAL COMPONENTS OF SUCCESSFUL INCLUSION OF STUDENTS WITH SEVERE DISABILITIES: LITERATURE REVIEW | ||
| 245 | _cTurki Alquraini King Saud University Dianne Gut Ohio Univerisity. | ||
| 260 | _bInternational Journal of Special Education | ||
| 260 | _c2012 | ||
| 650 | _xSPECIAL EDUCATION | ||
| 856 | _uhttp://www.internationaljournalofspecialed.com/issues.php | ||
| 999 |
_c300411 _d300411 |
||